Biblioteca ESET

El científico también es un ser humano : | la ciencia bajo la lupa (Registro nro. 218)

Detalles MARC
000 -CABECERA
fixed length control field 00961Cam#a2200277#a#4500
001 - NUMERO DE CONTROL
control field 021004
003 - CONTROL NUMBER IDENTIFIER
control field AR-BeUNQ
005 - FECHA Y HORA DE LA ULTIMA TRANSACCION
control field 20241206174100.0
008 - ELEMENTOS DE LONGITUD FIJA-INFORMACION GENERAL
fixed length control field 090818s2009||||ag d g## #000|0#spa#d
020 ## - NUMERO INTERNACIONAL NORMALIZADO PARA LIBROS
Número Internacional Normalizado del libro 9789876290845
040 ## - FUENTE DE CATALOGACION
Agencia de catalogación original AR-BeUNQ
Agencia que realiza la transcripción AR-BeUNQ
Convenciones de la descripción aacr
082 04 - NUMERO DE CLASIFICACION DECIMAL DEWEYMBER
Número de clasificación 306.45
Número de la edición 21
100 1# - ASIENTO PRINCIPAL-NOMBRE PERSONAL
Nombre personal Kreimer, Pablo
245 03 - MENCION DE TITULO
Título El científico también es un ser humano :
Otra información sobre el título la ciencia bajo la lupa
Mención de responsabilidad, etc Pablo Kreimer.
260 ## - PUBLICACION, DISTRIBUCION, ETC.
Lugar de publicación, distribución, etc. Buenos Aires :
Nombre del editor, distribuidor, etc. Siglo Veintiuno Editores,
Fecha de publicación, distribución, etc 2009.
300 ## - DESCRIPCION FISICA
Extensión 141 p. :
Otros detalles físicos gráficos ;
Dimensiones 19 cm.
490 1# - MENCION DE SERIE
Mención de serie Ciencia que ladra... / dirigida por Diego Golombek
650 #7 - ASIENTO SECUNDARIO DE MATERIA - TERMINO TEMATICO
Término temático o nombre geográfico como elemento de entrada Científicos
Fuente del encabezamiento o términ spines
650 #7 - ASIENTO SECUNDARIO DE MATERIA - TERMINO TEMATICO
Término temático o nombre geográfico como elemento de entrada Comunidad científica
Fuente del encabezamiento o términ spines
650 #7 - ASIENTO SECUNDARIO DE MATERIA - TERMINO TEMATICO
Término temático o nombre geográfico como elemento de entrada Responsabilidad científica
Fuente del encabezamiento o términ spines
650 #7 - ASIENTO SECUNDARIO DE MATERIA - TERMINO TEMATICO
Término temático o nombre geográfico como elemento de entrada Sociología de la ciencia
Fuente del encabezamiento o términ spines
650 #7 - ASIENTO SECUNDARIO DE MATERIA - TERMINO TEMATICO
Término temático o nombre geográfico como elemento de entrada Etica de la ciencia
Fuente del encabezamiento o términ spines
830 #0 - ASIENTO SECUNDARIO DE SERIE--TITULO UNIFORME
Título uniforme Ciencia que ladra ... (Siglo Veintiuno).
929 ## - DATOS DE ADQUISICION
Procedencia DONACION
Proveedor Diego Golombek
Fecha de recibido 20220503
Patrimonio UNQ PAT0082156
Número de inventario 59297
942 ## - ELEMENTOS DE PUNTO DE ACCESO ADICIONAL (KOHA)
Tipo de ítem Koha Libros
Existencias
Estado de retiro Estado de pérdida Ubicación permanente Ubicación actual Ubicación en estantería Fecha de ingreso Total Checkouts Signatura topográfica completa Inventario Date last seen
    Biblioteca ESET - UNQ Biblioteca ESET - UNQ CIRCULACION 03/05/2022   001 / KRE 59297 23/05/2022
    Biblioteca ESET - UNQ Biblioteca ESET - UNQ CIRCULACION 03/05/2022   001 / KRE 59298 23/05/2022

ESET UNQ

☏ 4365-7188
 Avenida República de Francia 1714 entre Doctor Kenny y Concordia, Ezpeleta, Bs As.
✉ secretaria_eset@unq.edu.ar

Con tecnología Koha